Handbook of peace and conflict studies / (Record no. 16087)
[ view plain ]
| 000 -LEADER | |
|---|---|
| fixed length control field | 01067cam a22003018a 4500 |
| 001 - CONTROL NUMBER | |
| control field | 14501578 |
| 005 - DATE AND TIME OF LATEST TRANSACTION | |
| control field | 20170105102932.0 |
| 008 - FIXED-LENGTH DATA ELEMENTS--GENERAL INFORMATION | |
| fixed length control field | 060816s2007 enk b 001 0 eng |
| 010 ## - LIBRARY OF CONGRESS CONTROL NUMBER | |
| LC control number | 2006027025 |
| 020 ## - INTERNATIONAL STANDARD BOOK NUMBER | |
| International Standard Book Number | 0415396654 (hardback) |
| 040 ## - CATALOGING SOURCE | |
| Original cataloging agency | DLC |
| Transcribing agency | DLC |
| Modifying agency | DLC |
| 050 00 - LIBRARY OF CONGRESS CALL NUMBER | |
| Classification number | JZ5538 |
| Item number | .H36 2007 |
| 082 00 - DEWEY DECIMAL CLASSIFICATION NUMBER | |
| Classification number | 303.6/6 |
| Edition number | 22 |
| Author Mark | HAN 2007 |
| 245 00 - TITLE STATEMENT | |
| Title | Handbook of peace and conflict studies / |
| Statement of responsibility, etc. | edited by Charles Webel and Johan Galtung. |
| 260 ## - PUBLICATION, DISTRIBUTION, ETC. | |
| Place of publication, distribution, etc. | London ; |
| -- | New York : |
| Name of publisher, distributor, etc. | Routledge, |
| Date of publication, distribution, etc. | 2007. |
| 263 ## - PROJECTED PUBLICATION DATE | |
| Projected publication date | 0704 |
| 300 ## - PHYSICAL DESCRIPTION | |
| Extent | p. cm. |
| 504 ## - BIBLIOGRAPHY, ETC. NOTE | |
| Bibliography, etc. note | Includes bibliographical references and index. |
| 650 #0 - SUBJECT ADDED ENTRY--TOPICAL TERM | |
| Topical term or geographic name entry element | Peace-building. |
| 650 #0 - SUBJECT ADDED ENTRY--TOPICAL TERM | |
| Topical term or geographic name entry element | Conflict management. |
| 700 1# - ADDED ENTRY--PERSONAL NAME | |
| Personal name | Webel, Charles. |
| 700 1# - ADDED ENTRY--PERSONAL NAME | |
| Personal name | Galtung, Johan. |
| 856 41 - ELECTRONIC LOCATION AND ACCESS | |
| Materials specified | Table of contents only |
| Uniform Resource Identifier | <a href="http://www.loc.gov/catdir/toc/ecip0619/2006027025.html">http://www.loc.gov/catdir/toc/ecip0619/2006027025.html</a> |
| 856 42 - ELECTRONIC LOCATION AND ACCESS | |
| Materials specified | Publisher description |
| Uniform Resource Identifier | <a href="http://www.loc.gov/catdir/enhancements/fy0705/2006027025-d.html">http://www.loc.gov/catdir/enhancements/fy0705/2006027025-d.html</a> |
| 906 ## - LOCAL DATA ELEMENT F, LDF (RLIN) | |
| a | 7 |
| b | rix |
| c | orignew |
| d | 1 |
| e | ecip |
| f | 20 |
| g | y-gencatlg |
| 942 ## - ADDED ENTRY ELEMENTS (KOHA) | |
| Source of classification or shelving scheme | |
| Koha item type | Book |
| Withdrawn status | Lost status | Damaged status | Not for loan | Collection code | Permanent Location | Current Location | Shelving location | Date acquired | Total Checkouts | Total Renewals | Full call number | Barcode | Date last seen | Date last checked out | Price effective from | Koha item type |
|---|---|---|---|---|---|---|---|---|---|---|---|---|---|---|---|---|
| Centre for International Peace & Stability (CIPS) | Centre for International Peace & Stability (CIPS) | General Stacks | 09/13/2013 | 1 | 1 | 303.66 HAN 2007 | CIPS0002521 | 12/27/2022 | 10/12/2022 | 08/08/2014 | Book | |||||
| Centre for International Peace & Stability (CIPS) | Centre for International Peace & Stability (CIPS) | General Stacks | 09/13/2013 | 1 | 1 | 303.66 HAN 2007 | CIPS0002520 | 10/22/2025 | 09/23/2025 | 08/08/2014 | Book | |||||
| Centre for International Peace & Stability (CIPS) | Centre for International Peace & Stability (CIPS) | General Stacks | 09/13/2013 | 303.66 HAN 2007 | CIPS0002519 | 08/08/2014 | 08/08/2014 | Book | ||||||||
| Centre for International Peace & Stability (CIPS) | Centre for International Peace & Stability (CIPS) | General Stacks | 09/13/2013 | 303.66 HAN 2007 | CIPS0002522 | 08/08/2014 | 08/08/2014 | Book | ||||||||
| Centre for International Peace & Stability (CIPS) | Centre for International Peace & Stability (CIPS) | General Stacks | 09/13/2013 | 1 | 303.66 HAN 2007 | CIPS0001048 | 10/31/2025 | 09/30/2025 | 08/08/2014 | Book |
